Tratado de moral para la escuela y para la vida

Saved in:
Bibliographic Details
Main Author: Ruano Ramos, Juan A Autor, Doctor en Sagrada Teología - Profesor de Religión en el Instituto Nacional de Enseñanza Media Fr Luis de León de Salamanca
Format: Unknown
Language:Spanish
Published: 1-Salamanca,España Imprenta Comercial Salmantina 1954
Edition:17ª
Textbook Catalogue:MANES:  Library Catalog Search Result
Textbook Classification:
Tags: Add Tag
No Tags, Be the first to tag this record!
Added to:2016-04-26

MARC

LEADER 000000000a22000000004500
001 14135
003 OSt
008 160427s sp ||||| |||| 00| 0 spa d
041 1 |a spa 
040 |c centro_manes 
691 0 |a SE 
100 1 |a Ruano Ramos, Juan A  |b Autor, Doctor en Sagrada Teología - Profesor de Religión en el Instituto Nacional de Enseñanza Media Fr Luis de León de Salamanca  |9 9983 
245 0 0 |a Tratado de moral para la escuela y para la vida 
250 |a 17ª 
260 3 |a 1-Salamanca,España  |b Imprenta Comercial Salmantina  |c 1954 
300 |a 159 p.  |c 20 x 15 cm. 
500 |a Nihil obstat Salamanca, 9 de junio de 1951. La obra está adecuada al Cuestionario de 5º Curso de Religión para el Bachillerato, publicado en el "Boletín Oficial del Estado", de 2 de Febrero de 1954. La obra se divide en tres partes: -La Moral en general; -Los preceptos del Decálogo; -Los preceptos de la Iglesia.  |a nivel: Libro para Normales - Escuelas Especiales - Miembros de Acción Católica. Libro para formación de maestros.Libro para quinto curso de Bachillerato. 
690 7 |a FILO 
942 |2 ddc  |c BK 
999 |c 20109  |d 20109 
999 |c manes:20109  |d 20109